000 01466namaa22003371i 4500
003 EG-GICUC
005 20260504121134.0
008 260503s2010 ua ||||jr|||| 000 0 ara d
017 _a2010 / 15263
_bدار الكتب والوثائق القومية (مصر)
020 _a9789777042024
040 _aEG-GiCUC
_bara
_cEG-GiCUC
_dEG-GiCUC
_erda
043 _af----ua
082 0 4 _221
_a227
_bN242taf
092 0 4 _221
_a227
_bN242taf
099 _a227 N242taf
100 1 _aالنسفى، أبى البركات عبد الله بن أحمد بن محمود
_eمؤلف.
245 1 0 _aتفسير القرآن الجليل :
_bالمسمى بمدارك التنزيل وحقائق التأويل /
_cتأليف الامام الجليل العلامة أبى البركات عبد الله بن أحمد بن محمود النسفى
264 _aالقاهرة (مصر) :
_bالهيئة العامة لقصور الثقافة،
_c2010.
300 _aمجلدات 3
_b؛
_c24 سم
336 _2rdacontent
_atext
337 _2rdamedia
_aUnmediated
338 _2rdacarrier
_avolume
490 _aسبلسلة الذخائر ؛
_v198 (v.1)
_v199 (v.2)
_v200 (v.3)
504 _aيشتمل على ارجاعات ببليوجرافية.
541 _aد. جابر عصفور ؛
_bالقاهرة ؛
_cإهداء ؛
_d2024.
630 _aالقرآن الكريم
_xتفسير
650 1 _2qrmak
651 1 _2qrmak
905 _aNermeen
942 _2ddc
_cBK
_e21
_n0
999 _c179915
_d179915